000 00516nam a2200169 i 4500
001 147341
003 ES-MaACL
005 20230906201935.0
007 t|
008 070927s1971 sp ||||1| spa d
245 0 0 _aUdana. La palabra de Buda /
_cversión directa del páli, introducción y notas de Carmen Dragonetti.
250 _a[1ª ed.].
260 _a[Barcelona] :
_bBarral,
_c1971.
300 _a262 p. :
_bil. ;
_c19 cm.
700 1 _aDragonetti, Carmen.
_945573
852 _aES-MaACL
_jC-49513
_bR.79793
999 _c147341
_d147341